000 00447nam a2200181Ia 4500
001 20591
005 20260306172817.0
008 260306t2003||||xx |||||||||||||| ||spa||
041 _aESP
082 _a343.4
_bR91C
100 _aRubio Correa, Marcial
_eAUT
245 0 _aLa constitucionalización de los derechos en el Perú del siglo XIX
260 _c2003
300 _a
_c
650 _aGEN
654 _aCDE
942 _cLIB
_dJUS
_fJUS
_2ddc
_n
999 _c20591
_d20591